Management education : an international survey /

This book is about: Management education; Management education in the United States, Great Britain, Australia, Canada, France...

Tallennettuna:
Bibliografiset tiedot
Aineistotyyppi: Kirja
Kieli:English
Julkaistu: London ; New York : Routledge, 1989.
Aiheet:
Tagit: Lisää tagi
Ei tageja, Lisää ensimmäinen tagi!
Thư viện lưu trữ: Mạng thư viện Đại học Đà Nẵng
LEADER 00930cam a2200313 i 4500
001 000049230
003 8966
005 20051111142818.0
008 010320b1989 vm 000 eng
020 |a 0415004233 
040 |a IRC  |c IRC  |d IRC 
041 0 |a eng 
082 1 4 |a 658.007  |b Ma-E 
245 0 0 |a Management education :  |b an international survey /  |c Edited by William Byrt. 
260 |a London ; New York :  |b Routledge,  |c 1989. 
300 |a viii, 229 p. ;  |c 21.5cm. 
520 3 |a This book is about: Management education; Management education in the United States, Great Britain, Australia, Canada, France... 
630 0 4 |a Management. 
650 0 4 |a Management  |x Study and teaching. 
OWN |a DUT 
999 |a From the UDN01 
TYP |a Monograph 
TYP |a Printed language 
980 |a Mạng thư viện Đại học Đà Nẵng